[Event "Oberliga Baden 2122"]
[Site "Germany"]
[Date "2022.05.14"]
[Round "5.1"]
[White "Grosshans, Ralf Michael"]
[Black "Milov, Vadim"]
[Result "0-1"]
[WhiteElo "2080"]
[BlackElo "2602"]
[PlyCount "50"]
[EventDate "2021.10.10"]
[EventType "team-tourn"]
[EventRounds "11"]
[EventCountry "GER"]
[SourceTitle "EXT 2023"]
[Source "ChessBase"]
[SourceDate "2022.10.05"]
[SourceVersion "1"]
[SourceVersionDate "2022.10.05"]
[SourceQuality "1"]
[WhiteTeam "Kuppenheim"]
[BlackTeam "Baden-Baden III"]
[WhiteTeamCountry "GER"]
[BlackTeamCountry "GER"]

1. e4 c5 2. Nc3 Nc6 3. f4 g6 4. Nf3 Bg7 5. Bc4 e6 6. f5 Nge7 7. fxe6 fxe6 8. 0-0 0-0 9. d3 d5 10. exd5 exd5 11. Bb3 h6 12. Bd2 Bg4 13. h3 Bxf3 14. Rxf3 Qd7 15. Ba4 a6 16. Bxc6 Nxc6 17. Rxf8+ Rxf8 18. Ne2 Qf5 19. Kh1 Bxb2 20. Bxh6 Rf7 21. Rb1 Be5 22. Qd2 Bd6 23. Be3 d4 24. Bg1 Qd5 25. Qh6 Ne7 0-1

[Event "Bayern-ch 92th"]
[Site "Lichtenfels"]
[Date "2021.08.28"]
[Round "9"]
[White "Lohr, Maximilian"]
[Black "Grosshans, Ralf Michael"]
[Result "1-0"]
[WhiteElo "2011"]
[BlackElo "2046"]
[PlyCount "83"]
[EventDate "2021.08.22"]
[EventType "swiss"]
[EventRounds "9"]
[EventCountry "GER"]
[SourceTitle "EXT 2023"]
[Source "ChessBase"]
[SourceDate "2022.10.05"]
[SourceVersion "1"]
[SourceVersionDate "2022.10.05"]
[SourceQuality "1"]

1. e4 Nf6 2. e5 Nd5 3. d4 d6 4. Nf3 dxe5 5. Nxe5 c6 6. c4 Nf6 7. Nc3 g6 8. Be2 Bg7 9. 0-0 0-0 10. Bf4 Be6 11. Qd2 Nbd7 12. Nf3 Nb6 13. b3 Bg4 14. Rad1 e6 15. Bh6 Re8 16. Bxg7 Kxg7 17. Qf4 Bxf3 18. Bxf3 Qb8 19. Qe3 Qc7 20. Rfe1 Rad8 21. g4 h6 22. h4 Rh8 23. Be2 h5 24. g5 Ng4 25. Bxg4 hxg4 26. Qg3 Qc8 27. Ne4 Nd7 28. Nd6 Qb8 29. c5 Rh5 30. Re4 Rdh8 31. Rxg4 R8h7 32. Rf4 Kg8 33. Rd3 e5 34. dxe5 Nxc5 35. Rdf3 Ne6 36. Rxf7 Rxh4 37. R3f6 Nd4 38. Rxg6+ Kh8 39. Rxh7+ Rxh7 40. Qg4 c5 41. Rf6 Qg8 42. g6 1-0

[Event "Bamberg op-A 3rd"]
[Site "Bamberg"]
[Date "2021.07.29"]
[Round "2"]
[White "Grosshans, Ralf Michael"]
[Black "Hacker, Jonas"]
[Result "0-1"]
[WhiteElo "2046"]
[BlackElo "2355"]
[PlyCount "82"]
[EventDate "2021.07.28"]
[EventType "swiss"]
[EventRounds "7"]
[EventCountry "GER"]
[SourceTitle "EXT 2022"]
[Source "ChessBase"]
[SourceDate "2021.10.06"]
[SourceVersion "1"]
[SourceVersionDate "2021.10.06"]
[SourceQuality "1"]

1. e4 c5 2. Nc3 e6 3. Nge2 Nc6 4. g3 d5 5. exd5 exd5 6. Bg2 d4 7. Nd5 Nf6 8. Nef4 Nxd5 9. Nxd5 Bd6 10. Qe2+ Be6 11. d3 0-0 12. 0-0 Bxg3 13. Nf6+ Qxf6 14. fxg3 Qd8 15. Qh5 f5 16. Bg5 Qd7 17. Rae1 Rae8 18. a3 Bf7 19. Qf3 Rxe1 20. Rxe1 a5 21. h4 Be6 22. h5 h6 23. Bd2 Rd8 24. Bh3 Rf8 25. Bg2 a4 26. Kh2 Qf7 27. Kg1 Rd8 28. Bh3 Rf8 29. Bg2 Kh7 30. Kh2 Kh8 31. Kg1 Bc8 32. Qe2 Bd7 33. Bxc6 Bxc6 34. Qe7 Qd5 35. Qxf8+ Kh7 36. Re4 fxe4 37. Bxh6 Kxh6 38. Qh8+ Kg5 39. Qxg7+ Kxh5 40. Kh2 exd3 41. Kh3 Qg2# 0-1

[Event "Oberfranken-ch"]
[Site "Schney"]
[Date "2020.01.05"]
[Round "5"]
[White "Grosshans, Ralf Michael"]
[Black "Koch, Christian1"]
[Result "1/2-1/2"]
[WhiteElo "2081"]
[BlackElo "2006"]
[PlyCount "32"]
[EventDate "2020.01.03"]
[EventType "swiss"]
[EventRounds "7"]
[EventCountry "GER"]
[SourceTitle "CBM 194 Extra"]
[Source "ChessBase"]
[SourceDate "2020.03.31"]
[SourceVersion "1"]
[SourceVersionDate "2020.03.31"]
[SourceQuality "1"]

1. e4 c5 2. Nc3 Nc6 3. f4 e6 4. Nf3 d5 5. Bb5 Nge7 6. 0-0 a6 7. Bxc6+ Nxc6 8. d3 Be7 9. a3 0-0 10. Rb1 b5 11. Bd2 Bb7 12. Qe1 Nd4 13. exd5 Nxf3+ 14. Rxf3 exd5 15. d4 cxd4 16. Ne2 Bf6 1/2-1/2

[Event "Bamberg op 2nd"]
[Site "Bamberg"]
[Date "2019.05.30"]
[Round "3"]
[White "Grosshans, Ralf Michael"]
[Black "Laznicka, Viktor"]
[Result "0-1"]
[WhiteElo "2128"]
[BlackElo "2660"]
[PlyCount "66"]
[EventDate "2019.05.29"]
[EventType "swiss"]
[EventRounds "7"]
[EventCountry "GER"]
[SourceTitle "CBM 190 Extra"]
[Source "ChessBase"]
[SourceDate "2019.07.15"]
[SourceVersion "1"]
[SourceVersionDate "2019.07.15"]
[SourceQuality "1"]

1. e4 c5 2. Nc3 Nc6 3. f4 e6 4. Nf3 a6 5. g3 d5 6. d3 Nf6 7. Bg2 Be7 8. e5 Nd7 9. h4 b5 10. Ne2 Qb6 11. d4 a5 12. c3 f5 13. a4 Ba6 14. axb5 Qxb5 15. Bf1 Qb6 16. Rh2 0-0 17. Neg1 cxd4 18. Bxa6 Qxa6 19. cxd4 Nb4 20. Ne2 Nd3+ 21. Kf1 Rfb8 22. Ne1 Nxb2 23. Bxb2 Rxb2 24. Nd3 Rb7 25. Nec1 a4 26. Rha2 a3 27. Kg2 Rab8 28. g4 Nf8 29. Kh3 Qc4 30. gxf5 exf5 31. Nc5 Bxc5 32. dxc5 Ne6 33. Nd3 Qxd3+ 0-1

[Event "Oberfranken-ch"]
[Site "Schney"]
[Date "2019.01.04"]
[Round "4"]
[White "Wunder, Horst"]
[Black "Grosshans, Ralf Michael"]
[Result "0-1"]
[WhiteElo "2112"]
[BlackElo "2133"]
[PlyCount "54"]
[EventDate "2019.01.03"]
[EventType "swiss"]
[EventRounds "7"]
[EventCountry "GER"]
[SourceTitle "CBM 188 Extra"]
[Source "ChessBase"]
[SourceDate "2019.02.28"]
[SourceVersion "1"]
[SourceVersionDate "2019.02.28"]
[SourceQuality "1"]

1. c4 Nf6 2. g3 g6 3. Bg2 Bg7 4. Nc3 0-0 5. e4 e5 6. Nge2 c5 7. 0-0 d6 8. h3 Nc6 9. d3 Nh5 10. Kh2 Rb8 11. Rb1 f5 12. f4 exf4 13. gxf4 Nd4 14. Nxd4 Bxd4 15. Ne2 Bg7 16. Be3 b6 17. Qc2 Bd7 18. Rbd1 Qe7 19. b3 Rbe8 20. Bc1 Qh4 21. Qd2 Bc6 22. Rde1 g5 23. fxg5 Be5+ 24. Kg1 Ng3 25. Nxg3 Qxg3 26. Rf3 Qh2+ 27. Kf1 Bd4 0-1

[Event "Bamberg op 1st"]
[Site "Bamberg"]
[Date "2018.05.10"]
[Round "2"]
[White "Grosshans, Ralf Michael"]
[Black "Pribyl, Josef"]
[Result "1-0"]
[WhiteElo "2119"]
[BlackElo "2268"]
[PlyCount "65"]
[EventDate "2018.05.09"]
[EventType "swiss"]
[EventRounds "7"]
[EventCountry "GER"]
[SourceTitle "CBM 184 Extra"]
[Source "ChessBase"]
[SourceDate "2018.06.28"]
[SourceVersion "1"]
[SourceVersionDate "2018.06.28"]
[SourceQuality "1"]

1. e4 g6 2. d4 Bg7 3. c4 d6 4. Nc3 e5 5. d5 c5 6. g4 Na6 7. h4 h5 8. g5 Nc7 9. Be3 a6 10. a4 Rb8 11. f3 f5 12. a5 b5 13. axb6 Rxb6 14. Na4 Rb8 15. Bd2 Ne7 16. Ba5 fxe4 17. fxe4 0-0 18. Nxc5 Rxb2 19. Nd3 Rxf1+ 20. Kxf1 Rb8 21. Rh2 Bg4 22. Qc1 Qd7 23. Rb1 Rxb1 24. Qxb1 Ne8 25. Qb4 Bf8 26. Ke1 Nc8 27. Kd2 Qa7 28. Ne2 Be7 29. Qb2 Nc7 30. Rf2 Na8 31. c5 dxc5 32. Qxe5 c4 33. Bc3 1-0

[Event "Bamberg op 1st"]
[Site "Bamberg"]
[Date "2018.05.10"]
[Round "3"]
[White "Mazur, Stefan"]
[Black "Grosshans, Ralf Michael"]
[Result "1-0"]
[WhiteElo "2413"]
[BlackElo "2119"]
[PlyCount "37"]
[EventDate "2018.05.09"]
[EventType "swiss"]
[EventRounds "7"]
[EventCountry "GER"]
[SourceTitle "CBM 184 Extra"]
[Source "ChessBase"]
[SourceDate "2018.06.28"]
[SourceVersion "1"]
[SourceVersionDate "2018.06.28"]
[SourceQuality "1"]

1. e4 Nf6 2. e5 Nd5 3. c4 Nb6 4. d4 d6 5. exd6 exd6 6. h3 Bf5 7. Nf3 Be7 8. Be2 0-0 9. 0-0 h6 10. Nc3 Re8 11. b3 d5 12. c5 Nc8 13. Ne5 Bf6 14. f4 Ne7 15. Be3 Nbc6 16. Qd2 Bxe5 17. fxe5 Qd7 18. Rf2 Ng6 19. Rxf5 1-0

[Event "Regionalliga NW 1617"]
[Site "Bayern"]
[Date "2016.12.04"]
[Round "3.1"]
[White "Pfarr, Michael"]
[Black "Grosshans, Ralf Michael"]
[Result "1-0"]
[WhiteElo "2037"]
[BlackElo "2066"]
[PlyCount "51"]
[EventDate "2016.10.16"]
[EventType "team-tourn"]
[EventRounds "9"]
[EventCountry "GER"]
[SourceTitle "EXT 2019"]
[Source "ChessBase"]
[SourceDate "2018.10.10"]
[SourceVersion "1"]
[SourceVersionDate "2018.10.10"]
[SourceQuality "1"]
[WhiteTeam "Moembris"]
[BlackTeam "Weidhausen"]
[WhiteTeamCountry "GER"]
[BlackTeamCountry "GER"]

1. e4 Nf6 2. e5 Nd5 3. c4 Nb6 4. d4 d6 5. exd6 exd6 6. Nc3 Be7 7. h3 0-0 8. Nf3 Re8 9. Be2 Bf6 10. 0-0 Bf5 11. Bf4 h6 12. Qd2 c6 13. Rad1 d5 14. c5 Nc8 15. Rfe1 Nd7 16. b4 g5 17. Bh2 Kg7 18. Bd3 Rxe1+ 19. Rxe1 Bxd3 20. Qxd3 Ne7 21. Ne2 Kg8 22. Ng3 Nf8 23. Nh5 Bh8 24. Bd6 Ne6 25. Nh2 Nc8 26. Rxe6 1-0

[Event "Bayern-ch"]
[Site "Bad Griesbach"]
[Date "2016.08.24"]
[Round "6"]
[White "Braun, Thomas1"]
[Black "Grosshans, Ralf Michael"]
[Result "1-0"]
[WhiteElo "2168"]
[BlackElo "2160"]
[PlyCount "107"]
[EventDate "2016.08.21"]
[EventType "swiss"]
[EventRounds "9"]
[EventCountry "GER"]
[SourceTitle "EXT 2022"]
[Source "ChessBase"]
[SourceDate "2021.10.06"]
[SourceVersion "1"]
[SourceVersionDate "2021.10.06"]
[SourceQuality "1"]

1. d4 Nf6 2. c4 d6 3. Nf3 Nbd7 4. Nc3 e5 5. e4 c6 6. Be2 Be7 7. Qc2 Qc7 8. 0-0 Nf8 9. Re1 Ng6 10. d5 c5 11. Kh1 Bd7 12. Rb1 0-0 13. a3 Rfc8 14. b4 cxb4 15. Rxb4 Ng4 16. Bf1 Qc5 17. Kg1 b5 18. h3 a5 19. Rb1 b4 20. hxg4 bxc3 21. g5 Rab8 22. Rxb8 Rxb8 23. Qxc3 a4 24. Be3 Qc7 25. Nd2 f5 26. gxf6 gxf6 27. Rb1 f5 28. exf5 Bxf5 29. Rb4 Rf8 30. Rxa4 Bf6 31. Ra7 Qd8 32. Qa5 Qe8 33. Qc7 Nf4 34. Bxf4 exf4 35. Nf3 Qe4 36. Qxd6 Bg4 37. Nh2 Bf5 38. Rb7 Bd4 39. Qe7 Bxf2+ 40. Kh1 Qd4 41. Nf3 Qa1 42. Kh2 Bg3+ 43. Kg1 Qc3 44. Qe5 Qxe5 45. Nxe5 Re8 46. Nf3 Re3 47. d6 Rxa3 48. Nd4 Bg4 49. d7 Bxd7 50. Rxd7 Ra2 51. Ne2 Be1 52. Rd1 Bd2 53. Kf2 Rc2 54. Kf3 1-0

[Event "Bayern-ch"]
[Site "Bad Griesbach"]
[Date "2016.08.22"]
[Round "2"]
[White "Grosshans, Ralf Michael"]
[Black "Miller, Eduard"]
[Result "1/2-1/2"]
[WhiteElo "2160"]
[BlackElo "2268"]
[PlyCount "61"]
[EventDate "2016.08.21"]
[EventType "swiss"]
[EventRounds "9"]
[EventCountry "GER"]
[SourceTitle "EXT 2022"]
[Source "ChessBase"]
[SourceDate "2021.10.06"]
[SourceVersion "1"]
[SourceVersionDate "2021.10.06"]
[SourceQuality "1"]

1. e4 c6 2. d3 e5 3. Nf3 Nf6 4. c3 Qc7 5. Nbd2 d5 6. Be2 Bd6 7. Qc2 0-0 8. Nf1 Re8 9. Ng3 Bf8 10. 0-0 a5 11. h3 a4 12. Bd2 Nbd7 13. b4 c5 14. Rac1 dxe4 15. dxe4 c4 16. Be3 b5 17. Rcd1 Bb7 18. Nh2 Rad8 19. Ng4 Qc6 20. f3 Nxg4 21. hxg4 g6 22. Rd2 Be7 23. Rfd1 Nf8 24. Nf1 Ne6 25. Rxd8 Rxd8 26. Rxd8+ Bxd8 27. Qd2 Kf8 28. Bd1 Ke8 29. Bc2 Qd7 30. Qxd7+ Kxd7 31. g3 1/2-1/2

[Event "Schweinfurt op 26th"]
[Site "Schweinfurt"]
[Date "2016.05.27"]
[Round "3"]
[White "Ciolek, Andreas"]
[Black "Grosshans, Ralf Michael"]
[Result "1-0"]
[WhiteElo "2102"]
[BlackElo "2192"]
[PlyCount "61"]
[EventDate "2016.05.26"]
[EventType "swiss"]
[EventRounds "7"]
[EventCountry "GER"]
[SourceTitle "CBM 172 Extra"]
[Source "ChessBase"]
[SourceDate "2016.06.21"]
[SourceVersion "1"]
[SourceVersionDate "2016.06.21"]
[SourceQuality "1"]

1. e4 Nf6 2. e5 Nd5 3. d4 d6 4. Nf3 Bg4 5. Be2 c6 6. 0-0 Bxf3 7. Bxf3 dxe5 8. dxe5 e6 9. Re1 Nd7 10. Qe2 Qc7 11. g3 h6 12. Nd2 0-0-0 13. a3 g6 14. Bg2 g5 15. b4 N7b6 16. c4 Ne7 17. c5 Rxd2 18. Bxd2 Nbd5 19. b5 Ng6 20. b6 axb6 21. cxb6 Qxb6 22. Bxd5 exd5 23. e6 Qc7 24. Bc3 Rh7 25. Qg4 Kb8 26. Qf5 Bd6 27. Bf6 Qc8 28. Qd3 Qe8 29. e7 h5 30. Rab1 Kc7 31. Qd4 1-0

[Event "Oberfranken-ch"]
[Site "Schney"]
[Date "2016.01.05"]
[Round "5"]
[White "Lorenz, Mark"]
[Black "Grosshans, Ralf Michael"]
[Result "1/2-1/2"]
[WhiteElo "2212"]
[BlackElo "2187"]
[PlyCount "95"]
[EventDate "2016.01.03"]
[EventType "swiss"]
[EventRounds "7"]
[EventCountry "GER"]
[SourceTitle "CBM 170 Extra"]
[Source "ChessBase"]
[SourceDate "2016.02.25"]
[SourceVersion "1"]
[SourceVersionDate "2016.02.25"]
[SourceQuality "1"]

1. c4 Nf6 2. Nc3 d6 3. g3 e5 4. Bg2 c6 5. Nf3 Be7 6. d4 Qc7 7. e4 Nbd7 8. 0-0 0-0 9. h3 Re8 10. Re1 Bf8 11. b3 Qb8 12. Be3 a5 13. d5 cxd5 14. cxd5 b5 15. Nd2 Ba6 16. Bf1 Rc8 17. Rc1 Nc5 18. Bxc5 Rxc5 19. a4 bxa4 20. Bxa6 Rxa6 21. Nxa4 Rb5 22. Rc3 Rb4 23. Qc2 Ra8 24. Rc6 g6 25. Nc4 Nd7 26. Re3 Nc5 27. Ncb6 Nxa4 28. Nxa4 Qa7 29. Rec3 Qd4 30. R3c4 Rxc4 31. Rxc4 Qa1+ 32. Kg2 Qe1 33. Nb2 Bh6 34. Nd3 Qd2 35. Qxd2 Bxd2 36. Rc2 Bg5 37. f4 exf4 38. gxf4 Be7 39. e5 Rb8 40. exd6 Bxd6 41. Rc6 Rxb3 42. Ne5 Bxe5 43. fxe5 Kf8 44. d6 Ke8 45. Rc8+ Kd7 46. Rc7+ Ke8 47. Rc8+ Kd7 48. Rc7+ 1/2-1/2

[Event "Boeblinger op 32nd"]
[Site "Boeblingen"]
[Date "2015.12.30"]
[Round "9"]
[White "Xu, Xiangyu"]
[Black "Grosshans, Ralf Michael"]
[Result "1-0"]
[WhiteElo "2390"]
[BlackElo "2174"]
[PlyCount "53"]
[EventDate "2015.12.26"]
[EventType "swiss"]
[EventRounds "9"]
[EventCountry "GER"]
[SourceTitle "CBM 170 Extra"]
[Source "ChessBase"]
[SourceDate "2016.02.25"]
[SourceVersion "1"]
[SourceVersionDate "2016.02.25"]
[SourceQuality "1"]

1. f4 d5 2. Nf3 c5 3. g3 Nc6 4. Bg2 g6 5. 0-0 Bg7 6. d3 e6 7. e4 Nge7 8. c3 b6 9. e5 a5 10. Re1 a4 11. Be3 Bd7 12. Nbd2 Qc7 13. Bf2 0-0 14. Nf1 Rfc8 15. h4 Rab8 16. h5 Nd8 17. N1h2 f5 18. exf6 Bxf6 19. hxg6 Nxg6 20. Ng4 Bg7 21. Nge5 Be8 22. Bh3 Qd6 23. Nxg6 hxg6 24. Ng5 Rc6 25. Qxa4 e5 26. fxe5 Qe7 27. Qh4 1-0

[Event "Bayern-ch"]
[Site "Rosenheim"]
[Date "2015.08.22"]
[Round "1"]
[White "Grosshans, Ralf Michael"]
[Black "Bilchinski, Anton"]
[Result "1-0"]
[WhiteElo "2135"]
[BlackElo "2276"]
[PlyCount "45"]
[EventDate "2015.08.22"]
[EventType "swiss"]
[EventRounds "9"]
[EventCountry "GER"]
[SourceTitle "EXT 2019"]
[Source "ChessBase"]
[SourceDate "2018.10.10"]
[SourceVersion "1"]
[SourceVersionDate "2018.10.10"]
[SourceQuality "1"]

1. e4 g6 2. d4 Bg7 3. c4 d6 4. Nc3 e5 5. d5 Ne7 6. g4 0-0 7. h4 f5 8. f3 fxg4 9. fxg4 Rf7 10. Be2 Qf8 11. Be3 Bxg4 12. Bxg4 Rf1+ 13. Kd2 Rxd1+ 14. Rxd1 Bh6 15. Nh3 Nf5 16. exf5 gxf5 17. Bxf5 Bxe3+ 18. Kxe3 Qxf5 19. Rdf1 Qc8 20. Rhg1+ Kh8 21. Ng5 h6 22. Ne6 Na6 23. Rf6 1-0

[Event "Wunsiedel op 9th"]
[Site "Wunsiedel"]
[Date "2015.05.16"]
[Round "6"]
[White "Grosshans, Ralf Michael"]
[Black "Troyke, Christian"]
[Result "0-1"]
[WhiteElo "2134"]
[BlackElo "2340"]
[PlyCount "114"]
[EventDate "2015.05.14"]
[EventType "swiss"]
[EventRounds "7"]
[EventCountry "GER"]
[SourceTitle "CBM 166 Extra"]
[Source "ChessBase"]
[SourceDate "2015.06.18"]
[SourceVersion "1"]
[SourceVersionDate "2015.06.18"]
[SourceQuality "1"]

1. e4 g6 2. d4 Bg7 3. c4 d6 4. Nc3 Nf6 5. f3 0-0 6. Be3 c5 7. dxc5 dxc5 8. Qxd8 Rxd8 9. Bxc5 Nc6 10. Rd1 Nd7 11. Ba3 b6 12. Nd5 e6 13. Ne7+ Nxe7 14. Bxe7 Re8 15. Ba3 Nc5 16. b3 f5 17. Bxc5 bxc5 18. Bd3 a5 19. Bc2 Bb7 20. Nh3 a4 21. Rd7 axb3 22. Bxb3 Bc6 23. Rd6 Bc3+ 24. Ke2 Ba4 25. Rhd1 fxe4 26. fxe4 Be5 27. R6d3 Bc6 28. Nf2 Rf8 29. g3 h5 30. Rd6 Ba4 31. R6d3 Bd4 32. Nh3 e5 33. R1d2 Bd7 34. Ng5 Bg4+ 35. Ke1 Ra6 36. h3 Raf6 37. Rg2 Bc8 38. g4 hxg4 39. hxg4 Rf4 40. Bd1 Ba6 41. Bb3 Rf1+ 42. Ke2 R8f2+ 43. Rxf2 Rxf2+ 44. Ke1 Rh2 45. Ne6 Kf7 46. Nc7 Bc8 47. Rf3+ Kg7 48. Ne8+ Kh6 49. Nf6 Kg5 50. a4 Rb2 51. Bd1 Be6 52. Nh7+ Kh6 53. Rh3+ Kg7 54. Bf3 Bxc4 55. g5 Bc3+ 56. Kd1 Bd3 57. Nf6 Rb1# 0-1

[Event "Oberfranken-ch"]
[Site "Schney"]
[Date "2015.01.06"]
[Round "7"]
[White "Grosshans, Ralf Michael"]
[Black "Beier, Klaus"]
[Result "1/2-1/2"]
[WhiteElo "2124"]
[BlackElo "2092"]
[PlyCount "22"]
[EventDate "2015.01.03"]
[EventType "swiss"]
[EventRounds "7"]
[EventCountry "GER"]
[SourceTitle "CBM 164 Extra"]
[Source "ChessBase"]
[SourceDate "2015.03.02"]
[SourceVersion "1"]
[SourceVersionDate "2015.03.02"]
[SourceQuality "1"]

1. e4 c6 2. d3 g6 3. c3 Bg7 4. Nf3 d5 5. Qc2 e5 6. Be2 Ne7 7. h4 h6 8. a4 0-0 9. Na3 f5 10. h5 g5 11. Bd2 Nd7 1/2-1/2

[Event "Oberfranken-ch"]
[Site "Schney"]
[Date "2015.01.05"]
[Round "6"]
[White "Lorenz, Mark"]
[Black "Grosshans, Ralf Michael"]
[Result "1/2-1/2"]
[WhiteElo "2240"]
[BlackElo "2124"]
[PlyCount "40"]
[EventDate "2015.01.03"]
[EventType "swiss"]
[EventRounds "7"]
[EventCountry "GER"]
[SourceTitle "CBM 164 Extra"]
[Source "ChessBase"]
[SourceDate "2015.03.02"]
[SourceVersion "1"]
[SourceVersionDate "2015.03.02"]
[SourceQuality "1"]

1. d4 Nf6 2. Nf3 d6 3. c4 Nbd7 4. Nc3 e5 5. g3 c6 6. Bg2 Qc7 7. e4 Be7 8. 0-0 0-0 9. b3 Re8 10. Bb2 Bf8 11. Re1 a5 12. h3 g6 13. Qd2 Nh5 14. Rad1 f6 15. Nh2 Be7 16. Ng4 Nf8 17. Ne3 Ne6 18. Nc2 Ng5 19. h4 Nf7 20. Ne3 Ng7 1/2-1/2

[Event "Oberfranken-ch"]
[Site "Schney"]
[Date "2015.01.04"]
[Round "4"]
[White "Grosshans, Ralf Michael"]
[Black "Michalek, Michal"]
[Result "1-0"]
[WhiteElo "2124"]
[BlackElo "2132"]
[PlyCount "67"]
[EventDate "2015.01.03"]
[EventType "swiss"]
[EventRounds "7"]
[EventCountry "GER"]
[SourceTitle "CBM 164 Extra"]
[Source "ChessBase"]
[SourceDate "2015.03.02"]
[SourceVersion "1"]
[SourceVersionDate "2015.03.02"]
[SourceQuality "1"]

1. e4 c6 2. d3 d5 3. Nd2 e5 4. Ngf3 Bd6 5. d4 exd4 6. exd5 Nf6 7. dxc6 Nxc6 8. Bb5 0-0 9. 0-0 a6 10. Be2 Bf5 11. Nb3 Qc7 12. Bg5 Ne4 13. Bh4 Bc5 14. Nxc5 Nxc5 15. Nxd4 Nxd4 16. Qxd4 Ne6 17. Qc4 Qxc4 18. Bxc4 Bxc2 19. Bd5 Ra7 20. f4 b5 21. f5 Nd4 22. f6 Rd7 23. fxg7 Kxg7 24. Bf6+ Kg8 25. Bxd4 Rxd5 26. Be3 f5 27. Rf3 Rd6 28. Bc5 Rd1+ 29. Rxd1 Bxd1 30. Rg3+ Kf7 31. Bxf8 Kxf8 32. Kf2 Bc2 33. Rc3 Be4 34. Rc7 1-0